| 000 | 00610nam a2200205 a 4500 | ||
|---|---|---|---|
| 005 | 20140310183211.0 | ||
| 008 | 000525s19uu xx 00 eng d | ||
| 020 | _a0385484267 | ||
| 050 |
_aQR 46 _b.B47 1996 |
||
| 100 | _aBiddle, Wayne | ||
| 245 |
_aA field guide to germs / _cWayne Biddle. |
||
| 260 |
_aNew York : _bAnchor Books, _c1996. |
||
| 300 |
_a196 p. : _bill. ; _c19 cm. |
||
| 500 | _aIncludes bibliographical references and index. | ||
| 521 | _aNUR | ||
| 650 |
_aMedical microbiology _xDictionaries |
||
| 650 |
_aMedical microbiology _xPopular works |
||
| 942 |
_cBK _2lcc _kFOR |
||
| 999 |
_c20143 _d20143 |
||